00573nam a2200121Ia 4500008004100000100001400041245011100055245013700166260000900303300003100312440005600343650005200399171207s9999 xx 000 0 und d aBai, Yang aAwe, the diminished self, and collective engagement: Universals and cultural variations in the small self. cBai, Yang; Maruskin, Laura A.; Chen, Serena; Gordon, Amie M.; Stellar, Jennifer E.; McNeil, Galen D.; Peng, Kaiping; Keltner, Dacher c2017 apages 185-209, August 2017 aJournal of Personality and Social Psychologyv113:2 aAWE, SMALL SELF, CULTURE, COLLECTIVE ENGAGEMENT